[Event "Rhein Main op-A 21st"]
[Site "Bad Homburg"]
[Date "2018.05.31"]
[Round "2"]
[White "Zilch, Lothar"]
[Black "Lommen, Frank"]
[Result "1-0"]
[WhiteElo "1940"]
[BlackElo "2028"]
[PlyCount "81"]
[EventDate "2018.05.30"]
[EventType "swiss"]
[EventRounds "7"]
[EventCountry "GER"]
[SourceTitle "EXT 2019"]
[Source "ChessBase"]
[SourceDate "2018.10.10"]
[SourceVersion "1"]
[SourceVersionDate "2018.10.10"]
[SourceQuality "1"]

1. c4 c5 2. Nc3 Nf6 3. Nf3 b6 4. d4 cxd4 5. Nxd4 Bb7 6. Qc2 g6 7. e4 Bg7 8. Nf3 0-0 9. Be2 d6 10. 0-0 Nbd7 11. h3 Rc8 12. Rd1 Qc7 13. a4 Qb8 14. Ra2 Nc5 15. Nd5 Rfe8 16. Nxf6+ exf6 17. Nd2 f5 18. b4 Nxe4 19. Nxe4 Bxe4 20. Qd2 Re6 21. Bb2 Bxb2 22. Rxb2 Rce8 23. Bf1 Qc7 24. Qf4 Re5 25. Rbd2 R8e6 26. Rxd6 Rd5 27. cxd5 Qxd6 28. Qd2 Re5 29. Bc4 f4 30. f3 Bf5 31. Bb5 Kg7 32. Kh2 g5 33. Qc3 f6 34. Qc6 Qxb4 35. d6 Re1 36. Qc7+ Kg6 37. Qc1 Rxd1 38. Qxd1 Qb2 39. Bd3 Qf2 40. Bxf5+ Kxf5 41. d7 1-0

[Event "Mittelrhein Verbandsliga-S 17/18"]
[Site "Nordrheinwestfalen"]
[Date "2018.02.04"]
[Round "7.3"]
[White "Schott, Guido"]
[Black "Lommen, Frank"]
[Result "1-0"]
[WhiteElo "2034"]
[BlackElo "1957"]
[PlyCount "49"]
[EventDate "2017.09.10"]
[EventType "team-tourn"]
[EventRounds "11"]
[EventCountry "GER"]
[SourceTitle "EXT 2022"]
[Source "ChessBase"]
[SourceDate "2021.10.06"]
[SourceVersion "1"]
[SourceVersionDate "2021.10.06"]
[SourceQuality "1"]
[WhiteTeam "Hennef"]
[BlackTeam "Koeln Lasker II"]
[WhiteTeamCountry "GER"]
[BlackTeamCountry "GER"]

1. e4 g6 2. d4 Bg7 3. Nc3 c6 4. Be3 d5 5. h3 dxe4 6. Nxe4 Nd7 7. Qd2 Ngf6 8. Ng3 Nd5 9. Bh6 Bxh6 10. Qxh6 N7f6 11. Nf3 Qd6 12. Qd2 Qf4 13. Bc4 Qxd2+ 14. Nxd2 h5 15. 0-0-0 h4 16. Nge4 Nxe4 17. Nxe4 Bf5 18. Rhe1 Kf8 19. Bxd5 cxd5 20. Nc5 Rc8 21. Re3 Rh5 22. Rd2 Rg5 23. f4 Rh5 24. Nxb7 Be4 25. Nc5 1-0

[Event "Leiden Noteboom Memorial 75th"]
[Site "Leiden"]
[Date "2015.02.14"]
[Round "2"]
[White "Lommen, Frank"]
[Black "Ratsma, Rosa"]
[Result "1-0"]
[WhiteElo "2087"]
[BlackElo "2132"]
[PlyCount "57"]
[EventDate "2015.02.13"]
[EventType "swiss"]
[EventRounds "6"]
[EventCountry "NED"]
[SourceTitle "CBM 164 Extra"]
[Source "ChessBase"]
[SourceDate "2015.03.02"]
[SourceVersion "1"]
[SourceVersionDate "2015.03.02"]
[SourceQuality "1"]

1. e4 c5 2. Nf3 d6 3. c3 Nf6 4. h3 Nc6 5. Bd3 e5 6. Bc2 Be7 7. d4 0-0 8. 0-0 Qc7 9. Re1 cxd4 10. cxd4 exd4 11. Na3 a6 12. Bf4 Qb6 13. Nc4 Qc5 14. Bb3 b5 15. Nxd6 Bd7 16. Ng5 Bxd6 17. Rc1 Qb4 18. Bd2 Bh2+ 19. Kxh2 Qd6+ 20. f4 Ne8 21. e5 Qg6 22. Bd5 Rc8 23. Qb3 Nd8 24. Be4 Qh5 25. Rxc8 Bxc8 26. Nxh7 g6 27. Nxf8 Kxf8 28. Qb4+ Kg8 29. Qe7 1-0

[Event "Mittelrhein Verbandsliga Ost 1415"]
[Site "Mittelrhein"]
[Date "2015.02.01"]
[Round "7.2"]
[White "Lommen, Frank"]
[Black "Richter, Dirk2"]
[Result "1/2-1/2"]
[WhiteElo "2011"]
[BlackElo "2000"]
[PlyCount "106"]
[EventDate "2014.09.07"]
[EventType "team-tourn"]
[EventRounds "11"]
[EventCountry "GER"]
[SourceTitle "EXT 2023"]
[Source "ChessBase"]
[SourceDate "2022.10.05"]
[SourceVersion "1"]
[SourceVersionDate "2022.10.05"]
[SourceQuality "1"]
[WhiteTeam "Koeln Lasker II"]
[BlackTeam "Siebengebirge"]
[WhiteTeamCountry "GER"]
[BlackTeamCountry "GER"]

1. e4 c5 2. Nc3 d6 3. f4 a6 4. g3 Nc6 5. Bg2 g6 6. d3 Bg7 7. Nf3 Bg4 8. h3 Bxf3 9. Qxf3 e6 10. 0-0 Nf6 11. e5 dxe5 12. fxe5 Qd4+ 13. Be3 Nxe5 14. Qf2 Qd7 15. Bxc5 Rc8 16. Kh1 b6 17. Bd4 Nh5 18. Bxb6 0-0 19. g4 Nf6 20. Rae1 Nc6 21. Bc5 Rfe8 22. Na4 Rb8 23. Nb6 Rxb6 24. Bxb6 Rb8 25. Qc5 Nd5 26. Bxd5 exd5 27. Qf2 d4 28. Bc5 Qd5+ 29. Qf3 Qd7 30. Ba3 Ne5 31. Qe4 h5 32. Qf4 Qc6+ 33. Kg1 Qd5 34. Re4 hxg4 35. hxg4 Rb6 36. b3 Rf6 37. Qg3 Rxf1+ 38. Kxf1 f5 39. gxf5 gxf5 40. Rxe5 Qxe5 41. Qxe5 Bxe5 42. Ke2 Kf7 43. Kf3 Ke6 44. Bc1 Kd5 45. Bd2 Kc5 46. a3 Kb5 47. Bf4 Bf6 48. Bd6 Kc6 49. Bb8 Be7 50. Kf4 Bxa3 51. Kxf5 Kd5 52. Ba7 Bb4 53. Bb6 Bc3 1/2-1/2

[Event "Mittelrhein Verbandsliga Ost 1415"]
[Site "Mittelrhein"]
[Date "2014.12.07"]
[Round "5.1"]
[White "Wilke, Christopher"]
[Black "Lommen, Frank"]
[Result "1/2-1/2"]
[WhiteElo "1982"]
[BlackElo "2011"]
[PlyCount "133"]
[EventDate "2014.09.07"]
[EventType "team-tourn"]
[EventRounds "11"]
[EventCountry "GER"]
[SourceTitle "EXT 2023"]
[Source "ChessBase"]
[SourceDate "2022.10.05"]
[SourceVersion "1"]
[SourceVersionDate "2022.10.05"]
[SourceQuality "1"]
[WhiteTeam "Niederkassel II"]
[BlackTeam "Koeln Lasker II"]
[WhiteTeamCountry "GER"]
[BlackTeamCountry "GER"]

1. d4 d6 2. Nf3 Nf6 3. c4 g6 4. Nc3 Bf5 5. e3 Bg7 6. Bd3 Bxd3 7. Qxd3 0-0 8. 0-0 Nbd7 9. e4 e5 10. dxe5 dxe5 11. Rd1 c6 12. Bg5 Qa5 13. a3 Nc5 14. Qc2 Ne6 15. Rd6 Qc5 16. Rad1 Nxg5 17. Nxg5 Qxc4 18. Nf3 Rfe8 19. Nd2 Qc5 20. Nb3 Qb6 21. Nd5 Nxd5 22. exd5 Rac8 23. dxc6 Rxc6 24. Rxc6 Qxc6 25. Qxc6 bxc6 26. Na5 c5 27. b4 cxb4 28. axb4 Rb8 29. Nc6 Rb6 30. Nxa7 Rxb4 31. Nc6 Rc4 32. Na5 Rc5 33. Nb7 Rc7 34. Rb1 Bh6 35. g4 Rc1+ 36. Rxc1 Bxc1 37. f3 Be3+ 38. Kf1 f6 39. Ke2 Bf4 40. h3 Kf7 41. Nc5 Ke7 42. Kd3 f5 43. Ke2 Kd6 44. Nb7+ Kd5 45. Nd8 Bg5 46. Nb7 h5 47. gxf5 gxf5 48. Na5 e4 49. fxe4+ fxe4 50. Kf2 h4 51. Nb3 Kc4 52. Na5+ Kd3 53. Nc6 Kd2 54. Ne5 Be3+ 55. Kf1 Bf4 56. Ng4 Bg3 57. Kg2 Ke2 58. Kg1 Bd6 59. Kg2 Bc5 60. Nf6 e3 61. Ng4 Ke1 62. Nxe3 Bxe3 63. Kh1 Kf2 64. Kh2 Bf4+ 65. Kh1 Kg3 66. Kg1 Kxh3 67. Kh1 1/2-1/2

[Event "Leverkusen Bayer op 9th"]
[Site "Leverkusen"]
[Date "2011.03.28"]
[Round "6"]
[White "Khanukov, Boris"]
[Black "Lommen, Frank"]
[Result "1/2-1/2"]
[WhiteElo "2349"]
[BlackElo "2119"]
[PlyCount "70"]
[EventDate "2011.01.10"]
[EventType "swiss"]
[EventRounds "7"]
[EventCountry "GER"]
[SourceTitle "EXT 2012"]
[Source "ChessBase"]
[SourceDate "2011.11.24"]
[SourceVersion "1"]
[SourceVersionDate "2011.11.24"]
[SourceQuality "1"]

1. d4 d6 2. Nf3 g6 3. c4 Nf6 4. Nc3 Bf5 5. g3 Ne4 6. Qb3 Nxc3 7. Qxc3 Bg7 8. Bg2 c5 9. Qd2 Nc6 10. d5 Nd4 11. 0-0 Nc2 12. Nh4 Nxa1 13. Nxf5 gxf5 14. Qg5 Bf6 15. Qxf5 Qd7 16. Qb1 Qg4 17. Bf3 Qxc4 18. Qxa1 Qc2 19. a4 h5 20. a5 h4 21. a6 b6 22. Re1 hxg3 23. hxg3 Kf8 24. Qa3 Bd4 25. Bg2 Qf5 26. e3 Be5 27. Qa4 Bg7 28. Qc4 Rc8 29. b3 Qh5 30. Bd2 Qh2+ 31. Kf1 Qh5 32. Rc1 Qf5 33. Kg1 Qh5 34. Kf1 Qf5 35. Kg1 Qh5 1/2-1/2

[Event "Leverkusen Bayer op 9th"]
[Site "Leverkusen"]
[Date "2011.02.21"]
[Round "4"]
[White "Lommen, Frank"]
[Black "Balduan, Markus"]
[Result "1/2-1/2"]
[WhiteElo "2119"]
[BlackElo "2291"]
[PlyCount "36"]
[EventDate "2011.01.10"]
[EventType "swiss"]
[EventRounds "7"]
[EventCountry "GER"]
[SourceTitle "EXT 2012"]
[Source "ChessBase"]
[SourceDate "2011.11.24"]
[SourceVersion "1"]
[SourceVersionDate "2011.11.24"]
[SourceQuality "1"]

1. e4 c6 2. d4 d5 3. Nc3 dxe4 4. Nxe4 Nf6 5. Nxf6+ gxf6 6. c3 Bf5 7. Nf3 e6 8. g3 Qd5 9. Bg2 Qc4 10. Bf1 Qd5 11. Bg2 Be4 12. 0-0 Bd6 13. Qe2 f5 14. b3 Qa5 15. Ng5 Bxg2 16. Kxg2 h5 17. c4 Be7 18. Bd2 Qd8 1/2-1/2

[Event "Regionalliga Mittelrhein 1011"]
[Site "Germany"]
[Date "2010.12.12"]
[Round "3.5"]
[White "Lommen, Frank"]
[Black "Fournell, Udo"]
[Result "1-0"]
[WhiteElo "1980"]
[BlackElo "1977"]
[PlyCount "61"]
[EventDate "2010.10.24"]
[EventType "team"]
[EventRounds "9"]
[EventCountry "GER"]
[SourceTitle "EXT 2015"]
[Source "ChessBase"]
[SourceDate "2014.11.20"]
[SourceVersion "1"]
[SourceVersionDate "2014.11.20"]
[SourceQuality "1"]
[WhiteTeam "Gruenfeld"]
[BlackTeam "Aachen PTSV"]
[WhiteTeamCountry "GER"]
[BlackTeamCountry "GER"]

1. g3 d5 2. c4 c6 3. Bg2 e6 4. Qc2 Nf6 5. Nf3 Be7 6. b3 Nbd7 7. Bb2 0-0 8. 0-0 b6 9. d3 Bb7 10. e4 dxe4 11. dxe4 c5 12. Nbd2 Qc7 13. e5 Ne8 14. Rfe1 g6 15. Ne4 Rd8 16. Rad1 Nb8 17. Rxd8 Qxd8 18. Qc1 Qd3 19. Nfg5 Bxg5 20. Qxg5 Bxe4 21. Bxe4 Qd7 22. Bc2 Nc6 23. Rd1 Qc7 24. Be4 Ng7 25. Rd6 Nb8 26. Qd2 Qe7 27. f4 Nf5 28. Rd3 Qc7 29. g4 Ne7 30. f5 Nec6 31. f6 1-0

[Event "Regionalliga Mittelrhein 1011"]
[Site "Germany"]
[Date "2010.11.14"]
[Round "2.3"]
[White "Scholzen, Wolfgang"]
[Black "Lommen, Frank"]
[Result "0-1"]
[WhiteElo "2081"]
[BlackElo "1980"]
[PlyCount "83"]
[EventDate "2010.10.24"]
[EventType "team"]
[EventRounds "9"]
[EventCountry "GER"]
[SourceTitle "EXT 2015"]
[Source "ChessBase"]
[SourceDate "2014.11.20"]
[SourceVersion "1"]
[SourceVersionDate "2014.11.20"]
[SourceQuality "1"]
[WhiteTeam "Euskirchen Turm"]
[BlackTeam "Gruenfeld"]
[WhiteTeamCountry "GER"]
[BlackTeamCountry "GER"]

1. e4 d6 2. d4 g6 3. Nc3 a6 4. f4 b5 5. a3 Bg7 6. Nf3 Nd7 7. Be2 c5 8. Be3 Bb7 9. 0-0 Ngf6 10. dxc5 Nxc5 11. e5 Ng4 12. Bd4 Ne6 13. Ng5 Nxg5 14. Bxg4 dxe5 15. fxe5 h5 16. h4 hxg4 17. hxg5 Rh4 18. Rf4 Qd7 19. Qe1 Rh5 20. Rd1 Qe6 21. Ne4 Bxe5 22. Bxe5 Qxe5 23. Rxg4 Kf8 24. b4 Rc8 25. Nc5 Rxc5 26. bxc5 Qxc5+ 27. Rdd4 Kg7 28. Qe3 e5 29. Rd3 Qc7 30. Rc3 Qd6 31. Rc5 Qd1+ 32. Kf2 Qxg4 33. Qxe5+ Kh7 34. Qg3 Qd4+ 35. Qe3 Qxe3+ 36. Kxe3 Rh2 37. Rc7 Bxg2 38. Rxf7+ Kg8 39. Rf6 Rh3+ 40. Kd4 Rh4+ 41. Kc5 Be4 42. Rxa6 0-1

[Event "Regionalliga Mittelrhein 1011"]
[Site "Germany"]
[Date "2010.10.24"]
[Round "1.4"]
[White "Mays, Stephan"]
[Black "Lommen, Frank"]
[Result "1-0"]
[WhiteElo "2125"]
[BlackElo "1980"]
[PlyCount "57"]
[EventDate "2010.10.24"]
[EventType "team"]
[EventRounds "9"]
[EventCountry "GER"]
[SourceTitle "EXT 2015"]
[Source "ChessBase"]
[SourceDate "2014.11.20"]
[SourceVersion "1"]
[SourceVersionDate "2014.11.20"]
[SourceQuality "1"]
[WhiteTeam "Koeln Ford SF"]
[BlackTeam "Gruenfeld"]
[WhiteTeamCountry "GER"]
[BlackTeamCountry "GER"]

1. d4 d6 2. e4 g6 3. Be3 Bg7 4. Bd3 Nc6 5. c3 e5 6. Ne2 Nf6 7. f3 d5 8. Nd2 0-0 9. 0-0 dxe4 10. Nxe4 Nd5 11. Bf2 exd4 12. Nxd4 Nxd4 13. cxd4 Nf4 14. Bc4 c6 15. Qd2 Be6 16. Bxe6 Nxe6 17. Rad1 Qd5 18. Qb4 b6 19. Nc3 Qh5 20. Qd6 Rac8 21. Qa3 Rc7 22. d5 Be5 23. Bg3 Nf4 24. Rfe1 c5 25. d6 Rd7 26. Qa4 b5 27. Nxb5 a6 28. Nc3 Bxc3 29. bxc3 1-0